| 000 | 00722nam a22001937a 4500 | ||
|---|---|---|---|
| 003 | CO-CtgCURN | ||
| 005 | 20250401170338.0 | ||
| 008 | 250401b |||||||| |||| 00| 0 eng d | ||
| 040 | _ccoctgcurn | ||
| 082 |
_a174.61 _bM779 |
||
| 245 |
_aCódigo de ética del odontólogo colombiano : _bLey no. 35 del 8 de Marzo de 1989 / _c[ed.] Víctor Hugo Montes Campuzano. |
||
| 260 |
_aBogotá : _bFederación Odontológica Colombiana, _c1989. |
||
| 300 | _a19 páginas. | ||
| 650 | _aÉtica profesional. | ||
| 650 |
_aÉtica del odontólogo _xLegislación. |
||
| 650 |
_aLey n°. 35 de 1989. _xTesauro Jurídico |
||
| 700 |
_aMontes Campuzano, Víctor Hugo _eeditor |
||
| 942 |
_2ddc _cBK _h174.61 _iM779 _n0 |
||
| 999 |
_c27864 _d27864 |
||